00977nam a2200241 i 4500003000900000005001700009007000300026008004100029020001800070040003000088082001800118100005100136245021100187264006700398300002800465336002700493337003300520338002800553490003400581490001600615500006600631700003800697DO-SdBNP20250602111117.0ta250602b2022 dr ||||| |||| 00| 0 spa d a9789945509274 aDO-SdBNPbspacBNPHUerda axxxbF3632221 aFernández Florencio, Katherineeautora4aut.10aSistema político y elecciones :banálisis especializado con base en la encuesta de cultura política y cambio climático en República Dominicana /cKatherine Fernández Florencio, Alexandra Viloria 1aSanto Domingo :bFundación Friedrich Ebert Stiftung, c2022. a12 páginas :c30 cm.  atextobtxt2rdacontent asin mediaciónbn2rdamedia avolumenbnc2rdacarrier1 aDemocracia y derechos humanos1 aPerspectiva aIncluye datos biografícos de las autoras en la página 13.1 aViloria, Alexandra eautora4aut.